000 00650nam a2200241 i 4500
001 C2-0284357
003 PPAK
005 20180728014226.0
008 071204s2007 my |||| ||||| | may d
020 _a9789836293602
040 _aPPAK
_beng
_cPPAK
_erda
082 0 4 _a899.231
_223
090 0 0 _a899.231
_bMAS
_dG
100 0 _aM. 'Ashikin,
_eauthor
245 1 0 _aSalam anak-anak Inderapura
264 1 _aKuala Lumpur :
_bDewan Bahasa dan Pustaka ,
_c2007
300 _axiii, 139 pages ;
_c21 cm
336 _2rdacontent
_atext
337 _2rdamedia
_aunmediated
338 _2rdacarrier
_avolume
650 1 0 _aMalay poetry
942 _ddc
_cB
999 _c90332
_d90332